Tax Influenced Accounting

Gespeichert in:
Bibliographische Detailangaben
1. Verfasser: Vlčko, Ján, 1988-
Weitere Verfasser: Meluchová, Jitka, 1965-
Format: Buchkapitel
Sprache:Englisch
Tags: Tag hinzufügen
Keine Tags, Fügen Sie das erste Tag hinzu!

MARC

LEADER 00000naa$a2200000$$$4500
001 0281221
005 20240502083904.2
041 0 |a eng 
044 |a CZ 
245 1 0 |a Tax Influenced Accounting  |c Ján Vlčko, Jitka Meluchová 
100 1 |a Vlčko, Ján, 1988- 
700 1 |a Meluchová, Jitka, 1965-